| 000 | 00640nam a22001577a 4500 | ||
|---|---|---|---|
| 003 | OSt | ||
| 005 | 20150910111404.0 | ||
| 008 | 150910b xxu||||| |||| 00| 0 eng d | ||
| 040 | _cRUA | ||
| 082 | _aAGR ប្រាក់ 1994 B009 Or.1 | ||
| 100 |
_9209 _aប្រាក់ សេរីវឌ្ឍន៍ |
||
| 245 | _aបញ្ហាដែលផលិតករដំណាំបន្លែគ្រុយស៊ីហ្វែរជួបប្រទះលើទិដ្ឋភាពបច្ចេកទេស និងសេដ្ឋកិច្ច | ||
| 260 |
_aPhonm Penh _bRUA _c1994 |
||
| 300 |
_a96p. _bill. _c29cm. |
||
| 942 |
_2ddc _cAGR |
||
| 999 |
_c189 _d189 |
||